LIBRARY & INFORMATION CENTRE, KCAET, TAVANUR

ONLINE PUBLIC ACCESS CATALOGUE (OPAC)

Waste Management for the Food Industries (Record no. 14458)

MARC details
000 -LEADER
fixed length control field 00320nam a22001217a 4500
020 ## - INTERNATIONAL STANDARD BOOK NUMBER
ISBN 9789351070412
082 ## - DEWEY DECIMAL CLASSIFICATION NUMBER
Classification number 664.028
Item number ARV/WA
100 ## - MAIN ENTRY--AUTHOR NAME
Personal name Arvanitoyannis,loannis S.
245 ## - TITLE STATEMENT
Title Waste Management for the Food Industries
260 ## - PUBLICATION, DISTRIBUTION, ETC. (IMPRINT)
Place of publication New Delhi
Name of publisher Elsevier(Academic Press)
Year of publication 2013
300 ## - PHYSICAL DESCRIPTION
Number of Pages 1071
942 ## - ADDED ENTRY ELEMENTS (KOHA)
Koha item type Reference
Holdings
Withdrawn status Lost status Damaged status Collection code Home library Current library Shelving location Date acquired Source of acquisition Cost, normal purchase price Full call number Accession Number Koha item type
      Reference KAUAET KAUAET Reference1 04/07/2016 Ganesh Book Centre, Trivandrum 5995.00 664.028 ARV/WA 24614 Reference
      Reference KAUAET KAUAET Reference1 26/07/2016 Dream Tech, Trivandrum. 4995.00 664.028 ARV/WA 24459 Reference
      Non-fiction KAUAET KAUAET Reference1 28/05/2019     664.028 ARV/WA 25915 Reference
free website counter